000 00649cam a22002413a 4500
001 38923
003 PGUSA
005 20140828083847.0
008 120218s2012||||xxu|||||s|||||000 | eng d
040 _aPGUSA
_beng
042 _adc
050 4 _aND
100 1 _aRuskin, John,
_d1819-1900
245 1 0 _aModern Painters, Volume 3 (of 5)
_h[electronic resource] /
_cJohn Ruskin
260 _bProject Gutenberg,
_c2012
506 _aPublic domain in the USA.
516 _aElectronic text
653 _aPainting
653 _aAesthetics
830 0 _aProject Gutenberg
_v38923
856 4 0 _uhttp://www.gutenberg.org/ebooks/38923
942 _cEB
999 _c268176
_d268176